000 00760cab a2200217 4500
001 WB2433-11
008 090401t1988 xxu||||| |||| 00| 0 eng d
035 _a(Sirsi) u89518
041 _aeng
245 _aConsent orders
260 _c1988
350 _a0
490 _aEstates Gazette
_vNo 8832 13/8/88 p56
520 _aDiscusses the case R v Newcastle Upon Tyne County Court ex parte Thompson (Abstract 39516), where the judge found a consent order had been made without the necessary jurisdiction.
650 _aPOSSESSION
650 _aRENT ACT 1977 SCHED 15 CASE 9
650 _aPROPERTY-RESIDENTIAL PROPERTY-RESIDENTIAL LANDLORD AND TENANT-RESIDENTIAL TENANCIES
690 _aLandlord and tenant
_96252
942 _n0
948 _c04/03/1997
999 _c56649
_d56649